<?xml version="1.0" encoding="UTF-8"?>
<record
    xmlns:xsi="http://www.w3.org/2001/XMLSchema-instance"
    xsi:schemaLocation="http://www.loc.gov/MARC21/slim http://www.loc.gov/standards/marcxml/schema/MARC21slim.xsd"
    xmlns="http://www.loc.gov/MARC21/slim">

  <leader>00990nam a2200277Ia 4500</leader>
  <datafield tag="952" ind1=" " ind2=" ">
    <subfield code="0">0</subfield>
    <subfield code="1">0</subfield>
    <subfield code="2">lcc</subfield>
    <subfield code="4">0</subfield>
    <subfield code="7">0</subfield>
    <subfield code="a">PAC</subfield>
    <subfield code="b">PAC</subfield>
    <subfield code="d">2021-09-17</subfield>
    <subfield code="e">Donation</subfield>
    <subfield code="l">0</subfield>
    <subfield code="o">SPEC HD 8039 .K4 .M355 2020</subfield>
    <subfield code="p">54187</subfield>
    <subfield code="r">2021-09-17 00:00:00</subfield>
    <subfield code="t">C.1</subfield>
    <subfield code="w">2021-09-17</subfield>
    <subfield code="y">SPEC</subfield>
  </datafield>
  <datafield tag="952" ind1=" " ind2=" ">
    <subfield code="0">0</subfield>
    <subfield code="1">0</subfield>
    <subfield code="2">lcc</subfield>
    <subfield code="4">0</subfield>
    <subfield code="7">0</subfield>
    <subfield code="a">VRC</subfield>
    <subfield code="b">VRC</subfield>
    <subfield code="c">SPCL</subfield>
    <subfield code="d">2021-09-17</subfield>
    <subfield code="e">Donation</subfield>
    <subfield code="l">0</subfield>
    <subfield code="o">VRC SPEC HD 8039 .K4 .M355 2020</subfield>
    <subfield code="r">2021-09-17 00:00:00</subfield>
    <subfield code="t">C.2</subfield>
    <subfield code="w">2021-09-17</subfield>
    <subfield code="y">SPEC</subfield>
  </datafield>
  <datafield tag="999" ind1=" " ind2=" ">
    <subfield code="c">31205</subfield>
    <subfield code="d">31205</subfield>
  </datafield>
  <controlfield tag="003">PACU</controlfield>
  <controlfield tag="005">20210917122553.0</controlfield>
  <controlfield tag="008">130521s9999    xx            000 0 und d</controlfield>
  <datafield tag="020" ind1=" " ind2=" ">
    <subfield code="a">9966777830</subfield>
  </datafield>
  <datafield tag="040" ind1=" " ind2=" ">
    <subfield code="a">PACU</subfield>
    <subfield code="b">Eng</subfield>
    <subfield code="c">PACU</subfield>
  </datafield>
  <datafield tag="050" ind1=" " ind2=" ">
    <subfield code="a">HD 8039 .K4</subfield>
    <subfield code="b">.M355 2020</subfield>
  </datafield>
  <datafield tag="100" ind1=" " ind2=" ">
    <subfield code="a">Kippra</subfield>
    <subfield code="9">2852</subfield>
  </datafield>
  <datafield tag="245" ind1=" " ind2=" ">
    <subfield code="a">Assessing the Cotton, Textile, and Apparel Sector Employment Potential in Kenya</subfield>
    <subfield code="c">Wario Malicha and Lawrence Njoroge</subfield>
  </datafield>
  <datafield tag="260" ind1=" " ind2=" ">
    <subfield code="a">Kenya :</subfield>
    <subfield code="b">KIPPRA,</subfield>
    <subfield code="c">2020.</subfield>
  </datafield>
  <datafield tag="300" ind1=" " ind2=" ">
    <subfield code="a">viii, 43p.</subfield>
    <subfield code="b">Colour Illustrations.</subfield>
    <subfield code="c">25cm.</subfield>
  </datafield>
  <datafield tag="440" ind1=" " ind2=" ">
    <subfield code="a">KIPPRA Discussion Paper</subfield>
    <subfield code="n">No. 229</subfield>
  </datafield>
  <datafield tag="504" ind1=" " ind2=" ">
    <subfield code="a">Includes Bibliographic Information, (41-43p)</subfield>
  </datafield>
  <datafield tag="650" ind1=" " ind2=" ">
    <subfield code="a">Textile Industry</subfield>
    <subfield code="z">Kenya</subfield>
  </datafield>
  <datafield tag="650" ind1=" " ind2=" ">
    <subfield code="a">Cotton Textile Industry</subfield>
    <subfield code="z">Kenya</subfield>
  </datafield>
  <datafield tag="650" ind1=" " ind2=" ">
    <subfield code="a">Clothing Trade</subfield>
    <subfield code="z">Kenya</subfield>
  </datafield>
  <datafield tag="650" ind1=" " ind2=" ">
    <subfield code="a">Apparel Industry</subfield>
    <subfield code="z">Kenya</subfield>
  </datafield>
  <datafield tag="650" ind1=" " ind2=" ">
    <subfield code="a">Job Creation</subfield>
  </datafield>
  <datafield tag="650" ind1=" " ind2=" ">
    <subfield code="a">Employability, Employment Potential</subfield>
  </datafield>
  <datafield tag="650" ind1=" " ind2=" ">
    <subfield code="a">Labour</subfield>
    <subfield code="x">Textile Industry</subfield>
    <subfield code="z">Kenya</subfield>
  </datafield>
  <datafield tag="942" ind1=" " ind2=" ">
    <subfield code="2">lcc</subfield>
    <subfield code="c">SPEC</subfield>
    <subfield code="h">HD 8039 .K4</subfield>
    <subfield code="i"> .M355 2020</subfield>
  </datafield>
</record>
